Операционная система OC/2: техническое описание и справочник программиста

Bibliografische gegevens
Taal:Russisch
Gepubliceerd in: Москва, И.В.К.- СОФТ, 1990
Onderwerpen:
Formaat: Boek
KOHA link:https://koha.lib.tpu.ru/cgi-bin/koha/opac-detail.pl?biblionumber=149033

MARC

LEADER 00000nam0a2200000 4500
001 149033
005 20231031145713.0
035 |a (RuTPU)RU\TPU\book\161572 
090 |a 149033 
100 |a 20081211d1990 km y0rusy50 ca 
101 0 |a rus 
102 |a RU 
105 |a y z 000zy 
200 1 |a Операционная система OC/2  |e техническое описание и справочник программиста 
210 |a Москва  |c И.В.К.- СОФТ  |d 1990 
215 |a 652 с. 
610 1 |a программирование 
610 1 |a операционная система ОС/2 
610 1 |a описание 
610 1 |a память 
610 1 |a управление 
610 1 |a сигналы 
610 1 |a файлы 
610 1 |a мониторы 
610 1 |a видеосистемы 
610 1 |a справочники 
675 |a 681.3.066(035)  |v 3 
801 1 |a RU  |b 63413507  |c 20081211  |g PSBO 
801 2 |a RU  |b 63413507  |c 20081217  |g PSBO 
942 |c BK